| 000 | 00380cam a2200157ua 4500 | ||
|---|---|---|---|
| 041 |
_amal _h |
||
| 082 |
_a954 _bSPE/OX |
||
| 100 | _aSpear, Percival . | ||
| 245 |
_aOxford history of India / _cPercival Spear. _hTextual Documents |
||
| 250 |
_a3 / _b. |
||
| 260 |
_aOxford : _bClarendon Press , _c1961. |
||
| 300 | _a885 ; . | ||
| 504 | _a | ||
| 942 | _cBK | ||
| 999 |
_c6643 _d6643 |
||